Australian players in European Big Five (2000-) - Statistics

General Stats
  • This quiz has been taken 33 times
  • The average score is 14 of 75
Answer Stats
Ranking Player Positions Nationality Matches Goals (assists) Periods Clubs % Correct
6 Tim Cahill MF, FW 226 56 (22) 2004-2012
93%
10 Mathew Ryan GK 151 0 (0) 2015-2021, 2024-2025
72%
1 Mark Schwarzer GK 436 0 (1) 2000-2015
69%
9 Harry Kewell MF, FW 168 36 (23) 2000-2008
62%
15 Mile Jedinak MF 90 6 (4) 2013-2017
59%
14 Aaron Mooy MF, FW 96 9 (6) 2017-2020
52%
11 Mathew Leckie DF, MF, FW 139 10 (4) 2011-2012, 2015-2021
52%
49 Brad Smith DF, MF 10 0 (0) 2013-2014, 2015-2017
48%
21 Brad Jones GK 45 0 (0) 2003-2008, 2011-2012, 2014-2015
45%
5 Mark Viduka FW 240 92 (28) 2000-2009
45%
33 Jackson Irvine MF 29 0 (6) 2024-2025
41%
60 Mark Bosnich GK 5 0 (0) 2001-2002
41%
4 Mark Bresciano MF 247 31 (19) 2002-2011
38%
39 Mitchell Langerak GK 21 0 (0) 2010-2016
34%
2 Lucas Neill DF 279 6 (15) 2001-2010
31%
45 Harry Souttar DF 12 0 (1) 2022-2023
28%
48 Massimo Luongo MF 11 0 (0) 2024-2025
28%
18 Robbie Kruse MF, FW 61 6 (7) 2012-2016
28%
3 Brett Emerton DF, MF 247 13 (30) 2003-2012
24%
8 John Aloisi FW 171 42 (16) 2000-2006
21%
75 Trent Sainsbury DF 1 0 (0) 2016-2017
21%
7 Vince Grella MF 206 4 (7) 2002-2012
21%
16 Zeljko Kalac GK 89 0 (0) 2002-2003, 2005-2009
21%
25 Ajdin Hrustic MF, FW 40 3 (0) 2020-2023
17%
34 Brett Holman MF, FW 27 1 (3) 2012-2013
17%
36 Tony Popovic DF 23 2 (1) 2004-2005
17%
61 Aiden O'Neill MF 4 0 (0) 2016-2018
14%
40 Cameron Burgess DF 18 0 (2) 2024-2025
14%
26 Craig Moore DF 38 1 (0) 2004-2007
14%
19 Joshua Kennedy FW 57 9 (5) 2000-2001, 2003-2004, 2007-2009
14%
31 Adam Federici GK 31 0 (0) 2006-2007, 2012-2013, 2015-2017
10%
54 Alessandro Circati DF 6 0 (0) 2024-2025
10%
59 Awer Mabil MF, FW 5 0 (0) 2022-2023
10%
71 Cameron Peupion MF 1 0 (0) 2022-2023
10%
28 Chris Herd DF, MF 36 1 (0) 2010-2014
10%
50 Connor Metcalfe MF, FW 10 0 (0) 2024-2025
10%
20 Danny Tiatto DF, MF 51 2 (4) 2000-2001, 2002-2004
10%
51 Frank Juric GK 8 0 (0) 2000-2001, 2002-2003, 2005-2006
10%
37 Hayden Foxe DF 21 1 (0) 2000-2001, 2003-2004
10%
56 Jacob Burns MF 6 0 (0) 2000-2001, 2002-2003
10%
57 James Troisi MF, FW 6 0 (0) 2012-2013
10%
67 Jason Davidson DF, MF 2 0 (0) 2014-2015
10%
35 John Filan GK 25 0 (0) 2005-2007
10%
62 Jordan Lyden MF 4 0 (0) 2015-2016
10%
22 Josip Skoko MF 45 0 (1) 2005-2008
10%
38 Luke Wilkshire DF, FW 21 0 (0) 2001-2003
10%
44 Matthew Spiranovic DF, MF 16 0 (0) 2006-2007, 2009-2010
10%
12 Mile Sterjovski MF, FW 102 15 (9) 2000-2003, 2007-2008
10%
17 Paul Agostino FW 79 22 (2) 2000-2004
10%
23 Paul Okon MF 43 0 (1) 2000-2003
10%
24 Richard Garcia MF, FW 43 1 (2) 2001-2002, 2008-2010
10%
13 Stan Lazaridis DF, MF 97 4 (12) 2002-2006
10%
52 Brandon Borrello MF, FW 7 0 (0) 2019-2020
7%
63 Caleb Watts MF 3 0 (0) 2020-2021
7%
72 Danny Allsopp FW 1 0 (0) 2000-2001
7%
43 David Zdrilic FW 16 1 (0) 2000-2001
7%
27 Denis Genreau MF, FW 37 0 (1) 2022-2025
7%
64 Joshua Brillante DF, MF 3 0 (0) 2014-2015
7%
32 Michael Beauchamp DF 30 1 (0) 2006-2008
7%
65 Mohamed Toure MF, FW 3 0 (0) 2022-2023
7%
42 Neil Kilkenny MF 18 0 (0) 2005-2006
7%
30 Nikita Rukavytsya MF, FW 32 1 (2) 2011-2013
7%
68 Scott McDonald MF, FW 2 0 (0) 2001-2002
7%
46 Tony Vidmar DF 12 0 (0) 2002-2003
7%
69 Tyrese Francois DF, FW 2 0 (0) 2020-2021, 2022-2023
7%
53 Ahmad Elrich MF, FW 6 0 (0) 2005-2006
3%
70 Alou Kuol FW 1 0 (0) 2022-2023
3%
55 Bruno Fornaroli FW 6 0 (0) 2008-2009, 2010-2011
3%
66 Con Blatsis DF 2 0 (0) 2000-2001
3%
41 Dario Vidošić MF, FW 18 0 (0) 2007-2008, 2009-2011
3%
47 David Carney DF, MF 11 0 (0) 2010-2011
3%
73 George Timotheou DF 1 0 (0) 2018-2019
3%
29 Ned Zelić DF, MF 33 0 (1) 2000-2002
3%
58 Nick Carle MF 6 0 (0) 2001-2002
3%
74 Richard Porta FW 1 0 (0) 2007-2008
3%
No matching quizzes found
Score Distribution
Percent of People with Each Score
Percentile by Number Answered
Your Score History
You have not taken this quiz